000 00420nam a2200097Ia 4500
008 180130s9999 xx 000 0 und d
245 _cVincke, Bastien; Elouardi, Abdelhafid; Lambert, Alain
_aReal time simultaneous localization and mapping: towards low-cost multiprocessor embedded systems
260 _c2016
300 _aBook title: Embedded system design--Acession number C20733; pages 12 - 25
650 _aSYSTEM DESIGN
999 _c354350
_d354350